<?xml version="1.0" encoding="UTF-8"?>
<record
    xmlns:xsi="http://www.w3.org/2001/XMLSchema-instance"
    xsi:schemaLocation="http://www.loc.gov/MARC21/slim http://www.loc.gov/standards/marcxml/schema/MARC21slim.xsd"
    xmlns="http://www.loc.gov/MARC21/slim">

  <leader>01283nam a2200253 a 4500</leader>
  <controlfield tag="005">20180803165349.0</controlfield>
  <controlfield tag="008">140128b2007    ck ||||| |||| 00| 0 spa d</controlfield>
  <datafield tag="040" ind1=" " ind2=" ">
    <subfield code="c">CO-BoIH</subfield>
  </datafield>
  <datafield tag="041" ind1=" " ind2=" ">
    <subfield code="a">spa</subfield>
  </datafield>
  <datafield tag="044" ind1=" " ind2=" ">
    <subfield code="a">ck</subfield>
  </datafield>
  <datafield tag="090" ind1=" " ind2=" ">
    <subfield code="a">IAVH</subfield>
    <subfield code="b">00907</subfield>
  </datafield>
  <datafield tag="245" ind1=" " ind2=" ">
    <subfield code="a">Desarrollar las actividades de apoyo a la consolidaci&#xF3;n de un sistema regional de &#xE1;reas protegidas en la regi&#xF3;n de p&#xE1;ramos del nororiente andino, corredor lago La Tota - Pisba - Cocuy</subfield>
  </datafield>
  <datafield tag="260" ind1=" " ind2=" ">
    <subfield code="a">Tunja</subfield>
    <subfield code="b">Instituto Alexander von Humboldt</subfield>
    <subfield code="b">UAESPNN</subfield>
    <subfield code="b">CORPOBOYACA</subfield>
    <subfield code="c">2007</subfield>
  </datafield>
  <datafield tag="300" ind1=" " ind2=" ">
    <subfield code="a">50 p.</subfield>
  </datafield>
  <datafield tag="520" ind1=" " ind2=" ">
    <subfield code="a">Consolida las actividades realizadas en el marco del Convenio Espec&#xED;fico firmado por Corpoboyac&#xE1;, la UAESPNN y el IAVH, con el fin de desarrollar la actividades de apoyo a la consolidaci&#xF3;n de un Sistema Regional de &#xC1;reas Protegidas en la regi&#xF3;n de p&#xE1;ramos del nororiente andino, corredor Lago de Tota-Pisba-Cocuy. Contiene el informe de ejecuci&#xF3;n t&#xE9;cnica para cada uno de los objetivos espec&#xED;ficos</subfield>
  </datafield>
  <datafield tag="650" ind1=" " ind2=" ">
    <subfield code="a">Sistema regional de &#xE1;reas protegidas</subfield>
    <subfield code="9">5569</subfield>
  </datafield>
  <datafield tag="650" ind1=" " ind2=" ">
    <subfield code="a">P&#xE1;ramo</subfield>
    <subfield code="9">92445</subfield>
  </datafield>
  <datafield tag="650" ind1=" " ind2=" ">
    <subfield code="a">Nororiente andino</subfield>
    <subfield code="9">5571</subfield>
  </datafield>
  <datafield tag="662" ind1=" " ind2=" ">
    <subfield code="a">Colombia</subfield>
    <subfield code="c">Corredor Lago Tota</subfield>
    <subfield code="b">Boyac&#xE1;</subfield>
  </datafield>
  <datafield tag="662" ind1=" " ind2=" ">
    <subfield code="a">Colombia</subfield>
    <subfield code="c">Pisba</subfield>
    <subfield code="b">Boyac&#xE1;</subfield>
  </datafield>
  <datafield tag="662" ind1=" " ind2=" ">
    <subfield code="a">Colombia</subfield>
    <subfield code="c">Cocuy</subfield>
    <subfield code="b">Boyac&#xE1;</subfield>
  </datafield>
  <datafield tag="942" ind1=" " ind2=" ">
    <subfield code="c">INFORME</subfield>
    <subfield code="2">z</subfield>
    <subfield code="0">1</subfield>
  </datafield>
  <datafield tag="945" ind1=" " ind2=" ">
    <subfield code="d">2008-07-04</subfield>
  </datafield>
  <datafield tag="999" ind1=" " ind2=" ">
    <subfield code="c">6364</subfield>
    <subfield code="d">6364</subfield>
  </datafield>
  <datafield tag="952" ind1=" " ind2=" ">
    <subfield code="0">0</subfield>
    <subfield code="1">0</subfield>
    <subfield code="2">z</subfield>
    <subfield code="4">0</subfield>
    <subfield code="7">0</subfield>
    <subfield code="8">HUMBOLDT</subfield>
    <subfield code="I">INV2017</subfield>
    <subfield code="a">Bogota</subfield>
    <subfield code="b">Bogota</subfield>
    <subfield code="d">2008-07-04</subfield>
    <subfield code="l">0</subfield>
    <subfield code="o">IAVH-00907</subfield>
    <subfield code="p">025938</subfield>
    <subfield code="r">2024-08-09 00:00:00</subfield>
    <subfield code="t">Ej. 1</subfield>
    <subfield code="w">2012-12-04</subfield>
    <subfield code="x">Dep&#xF3;sito Institucional</subfield>
    <subfield code="y">INFORME</subfield>
  </datafield>
</record>
